000 00858nam a2200229Ii 4500
003 JO-AjNU
008 230605s9999||||xx |||||||||||||| ||und||
017 _a2012/2/818
020 _a978-9957-52-858-4
040 _aJO-AjNU
_bara
_erda
_cJO-AjNU
041 _aara
050 1 4 _aPJ7750.A25.L89 2012
100 3 _a أبو العلاء المعري، أحمد بن عبد الله بن سليمان، 363-449 هجري,
_eauthor
_950539
245 0 0 _aأبو العلاء المعري: شاعر اللزوميات
250 _aط1
264 3 1 _aعمان: امواج للطباعة والنشر والتوزيع، 2012
300 _a144ص
336 _atext
_btxt
_2rdacontent
337 _aunmediated
_bn
_2rdamedia
338 _avolume
_bnc
_2rdacarrier
650 4 _aالشعر العربي - الشعر العباسي الثاني - 846 - 954
_950540
999 _aA22269
_c25837
_d25837